| 000 | 00462nam a2200169Ia 4500 | ||
|---|---|---|---|
| 003 | 3228 | ||
| 005 | 20240513145521.0 | ||
| 008 | 210817s9999 xx 000 0 und d | ||
| 020 |
_a1868572684 _qPaperback |
||
| 040 |
_aRDA _c3228 |
||
| 082 | _aSWA F VANH | ||
| 100 |
_aVan Heerden, Alexia _928692 |
||
| 245 | 0 | _aSipho saMonde | |
| 260 |
_aDurbanville: _bGaramond Publishers; _c2005. |
||
| 300 |
_a[unnumbered] _bColour illustrations _c21 cm |
||
| 942 |
_cBK _2ddc _y162 _zElsie Maluleke |
||
| 999 |
_c108023 _d108022 |
||